الإفلاس 1995 : (رقم التسجيلة. 4561)

تفاصيل مارك
000 -LEADER
fixed length control field 00654nam a22002057a 4500
005 - DATE AND TIME OF LATEST TRANSACTION
control field 20251108164133.0
008 - FIXED-LENGTH DATA ELEMENTS--GENERAL INFORMATION
fixed length control field 250721s9999 xx 000 0 ara d
082 14 - DEWEY DECIMAL CLASSIFICATION NUMBER
Classification number 336.73/فيج
100 1# - MAIN ENTRY--PERSONAL NAME
Personal name فيجي، هاري
245 10 - TITLE STATEMENT
Title الإفلاس 1995 :
Remainder of title الإنهيار القادم لأمريكا /
264 1# - PRODUCTION, PUBLICATION, DISTRIBUTION, MANUFACTURE, AND COPYRIGHT NOTICE
Place of production, publication, distribution, manufacture عمان :
Name of producer, publisher, distributor, manufacturer الأهلية للنشر و التوزيع،
Date of production, publication, distribution, manufacture, or copyright notice [19-].
300 ## - PHYSICAL DESCRIPTION
Extent 204ص
650 17 - SUBJECT ADDED ENTRY--TOPICAL TERM
Topical term or geographic name as entry element المالية
650 17 - SUBJECT ADDED ENTRY--TOPICAL TERM
Topical term or geographic name as entry element الولايات المتحدة
650 17 - SUBJECT ADDED ENTRY--TOPICAL TERM
Topical term or geographic name as entry element الإفلاس
700 1# - ADDED ENTRY--PERSONAL NAME
Personal name سوانسون، جيرالد
700 1# - ADDED ENTRY--PERSONAL NAME
Personal name دبور، محمد محمود
Relator term ترجمة
942 ## - ADDED ENTRY ELEMENTS (KOHA)
Source of classification or shelving scheme Dewey Decimal Classification
Koha item type كتب
المقتنيات
حالة السحب حالة الفقدان مصدر التصنيف حالة التلف غير قابل للإعارة المكتبة الرئيسية المكتبة الحالية موقع الرف تاريخ التزويد الرقم المتسلسل Total Checkouts رقم الإستدعاء تاريخ آخر ظهور تاريخ الفاتورة نوع المادة (كوها) الباركود
    Dewey Decimal Classification Unchecked   مكتبة الاميرة بديعة مكتبة الاميرة بديعة الإعارة 12/07/2004 3936   336.73/فيج 28/07/2025 12/07/2004 كتب  
    Dewey Decimal Classification Unchecked   مكتبة النصر العامة مكتبة النصر العامة الإعارة 12/07/2004 5855   336.73/فيج 28/07/2025 12/07/2004 كتب  
    Dewey Decimal Classification Unchecked   مكتبة صويلح العامة مكتبة صويلح العامة الإعارة 12/07/2004 8091   336.73/فيج 28/07/2025 12/07/2004 كتب  
    Dewey Decimal Classification     مكتبة وادي السير العامة مكتبة وادي السير العامة الإعارة 19/03/2016 [4376.]   336.73/فيج 28/07/2025 19/03/2016 كتب PLD00380912
Implemented & Customized by: BBB with SCIT (Smart Chains for Information Technology)

Powered by Koha